| 000 | 01004nam1a2200313 i 4500 | ||
|---|---|---|---|
| 001 | RU\NLR\bibl\792779 | ||
| 005 | 20241103041653.0 | ||
| 035 | _a(NLR Aleph) 000782002 | ||
| 090 |
_a1067892 _c1067892 |
||
| 100 | _a20050427g20049999u y0rusy50 ca | ||
| 101 | 0 | _achu | |
| 102 | _aRU | ||
| 105 | _aa ||||||||| | ||
| 200 | 1 | _aОктоих, сиречь Осмогласник | |
| 210 |
_aМосква _cИздательский Совет Русской Православной Церкви _d2004 |
||
| 215 | _d27 | ||
| 300 | _aЗагл. обл.: Октоих | ||
| 300 | _aЗагл. и текст на церковнослав. яз. | ||
| 463 | 0 | _1001736444 | |
| 463 | 0 | _1001739135 | |
| 517 | 0 | _aОсмогласник | |
| 606 |
_aОктоих _92072666 _3RU\NLR\auth\661247511 |
||
| 686 | _aЭ372.24-507 | ||
| 801 | 0 |
_aRU _bNLR _c20050427 _grcr |
|
| 801 | 1 |
_aRU _bNLR _c20050427 |
|
| 852 |
_aNLR _j2005-7/1128 |
||
| 942 | _cBOOK | ||